<?xml version='1.0' encoding='UTF-8'?>
  <record xmlns="http://www.loc.gov/MARC21/slim">
    <leader>00000cam a2200000 i 4500</leader>
    <controlfield tag="001">ocn781563644</controlfield>
    <controlfield tag="003">OCoLC</controlfield>
    <controlfield tag="005">20250527122216.1</controlfield>
    <controlfield tag="008">830616s1938    ne       m    000 0 dut d</controlfield>
    <datafield tag="040" ind1=" " ind2=" ">
      <subfield code="a">NLGGC</subfield>
      <subfield code="b">dut</subfield>
      <subfield code="e">fobidrtb</subfield>
      <subfield code="c">NLGGC</subfield>
      <subfield code="d">QGJ</subfield>
      <subfield code="d">OCLCO</subfield>
      <subfield code="d">OCLCF</subfield>
      <subfield code="d">L2U</subfield>
      <subfield code="d">OCL</subfield>
      <subfield code="d">OCLCO</subfield>
      <subfield code="d">OCLCO</subfield>
      <subfield code="d">OCL</subfield>
      <subfield code="d">OCLCO</subfield>
      <subfield code="d">OCLCL</subfield>
      <subfield code="d">OCLCQ</subfield>
      <subfield code="d">OCLCL</subfield>
    </datafield>
    <datafield tag="029" ind1="0" ind2=" ">
      <subfield code="a">NLGGC</subfield>
      <subfield code="b">831639458</subfield>
    </datafield>
    <datafield tag="035" ind1=" " ind2=" ">
      <subfield code="a">(OCoLC)781563644</subfield>
    </datafield>
    <datafield tag="050" ind1=" " ind2="4">
      <subfield code="a">DS643</subfield>
      <subfield code="b">.N3</subfield>
    </datafield>
    <datafield tag="082" ind1="0" ind2="4">
      <subfield code="a">959.81</subfield>
      <subfield code="2">18</subfield>
      <subfield code="1">https://id.oclc.org/worldcat/ddc/E3dKXtGxKWfpBymFQchwm8CcRt</subfield>
    </datafield>
    <datafield tag="100" ind1="1" ind2=" ">
      <subfield code="a">Naarding, J.W.</subfield>
      <subfield code="q">(Jan Willem)</subfield>
      <subfield code="1">https://id.oclc.org/worldcat/entity/E39PCjrpkcpQkkXwMwY8dpbxfy</subfield>
    </datafield>
    <datafield tag="245" ind1="1" ind2="4">
      <subfield code="a">Het conflict Snouck Hurgronje-Van Heutsz-Van Daalen :</subfield>
      <subfield code="b">een onderzoek naar de verantwoordelijkheid /</subfield>
      <subfield code="c">Jan Willem Naarding.</subfield>
    </datafield>
    <datafield tag="246" ind1="3" ind2=" ">
      <subfield code="a">conflict Snouck Hurgronje Van Heutsz</subfield>
    </datafield>
    <datafield tag="260" ind1=" " ind2=" ">
      <subfield code="a">Utrecht :</subfield>
      <subfield code="b">Oosthoek,</subfield>
      <subfield code="c">1938.</subfield>
    </datafield>
    <datafield tag="300" ind1=" " ind2=" ">
      <subfield code="a">120, 211 p. :</subfield>
      <subfield code="b">ill., portr. ;</subfield>
      <subfield code="c">26 cm.</subfield>
    </datafield>
    <datafield tag="336" ind1=" " ind2=" ">
      <subfield code="a">tekst</subfield>
      <subfield code="b">txt</subfield>
      <subfield code="2">rdacontent/dut</subfield>
    </datafield>
    <datafield tag="337" ind1=" " ind2=" ">
      <subfield code="a">zonder medium</subfield>
      <subfield code="b">n</subfield>
      <subfield code="2">rdamedia/dut</subfield>
    </datafield>
    <datafield tag="338" ind1=" " ind2=" ">
      <subfield code="a">band</subfield>
      <subfield code="b">nc</subfield>
      <subfield code="2">rdacarrier/dut</subfield>
    </datafield>
    <datafield tag="500" ind1=" " ind2=" ">
      <subfield code="a">Ook verschenen als: Utrechtsche bijdragen tot de geschiedenis, het staatsrecht en de economie van Nederlandsch-Indië ; 11.</subfield>
    </datafield>
    <datafield tag="502" ind1=" " ind2=" ">
      <subfield code="a">Proefschrift Utrecht.</subfield>
    </datafield>
    <datafield tag="504" ind1=" " ind2=" ">
      <subfield code="a">Register.</subfield>
    </datafield>
    <datafield tag="530" ind1=" " ind2=" ">
      <subfield code="a">Titel wordt gedigitaliseerd voor de Koninklijke Bibliotheek in het kader van Metamorfoze.</subfield>
    </datafield>
    <datafield tag="651" ind1=" " ind2="0">
      <subfield code="a">Aceh (Indonesia)</subfield>
    </datafield>
    <datafield tag="600" ind1="1" ind2="4">
      <subfield code="a">Daalen, G.C.E. van</subfield>
      <subfield code="q">(Gotfried Coenraad Ernst),</subfield>
      <subfield code="d">1863-1930.</subfield>
      <subfield code="0">(NL-LeOCL)072415975</subfield>
    </datafield>
    <datafield tag="600" ind1="1" ind2="4">
      <subfield code="a">Snouck Hurgronje, C.</subfield>
      <subfield code="q">(Christiaan),</subfield>
      <subfield code="d">1857-1936.</subfield>
      <subfield code="0">(NL-LeOCL)068311419</subfield>
    </datafield>
    <datafield tag="600" ind1="1" ind2="4">
      <subfield code="a">Heutsz, J.B. van</subfield>
      <subfield code="q">(Johannes Benedictus),</subfield>
      <subfield code="d">1851-1924.</subfield>
      <subfield code="0">(NL-LeOCL)070552479</subfield>
    </datafield>
    <datafield tag="651" ind1=" " ind2="6">
      <subfield code="a">Aceh (Indonésie)</subfield>
    </datafield>
    <datafield tag="651" ind1=" " ind2="7">
      <subfield code="a">Indonesia</subfield>
      <subfield code="z">Aceh</subfield>
      <subfield code="2">fast</subfield>
      <subfield code="1">https://id.oclc.org/worldcat/entity/E39QbtfRCGgM6DxyCRXqVtvhxc</subfield>
    </datafield>
    <datafield tag="600" ind1="1" ind2="7">
      <subfield code="a">Daalen, G.C.E. van,</subfield>
      <subfield code="d">1863-1930.</subfield>
      <subfield code="0">(NL-LeOCL)072415975</subfield>
      <subfield code="2">nta</subfield>
    </datafield>
    <datafield tag="600" ind1="1" ind2="7">
      <subfield code="a">Snouck Hurgronje, C.,</subfield>
      <subfield code="d">1857-1936.</subfield>
      <subfield code="0">(NL-LeOCL)068311419</subfield>
      <subfield code="2">nta</subfield>
    </datafield>
    <datafield tag="600" ind1="1" ind2="7">
      <subfield code="a">Heutsz, J.B. van,</subfield>
      <subfield code="d">1851-1924.</subfield>
      <subfield code="0">(NL-LeOCL)070552479</subfield>
      <subfield code="2">nta</subfield>
    </datafield>
    <datafield tag="655" ind1=" " ind2="7">
      <subfield code="a">Proefschriften (vorm)</subfield>
      <subfield code="0">(NL-LeOCL)088144445.</subfield>
      <subfield code="2">gtt</subfield>
    </datafield>
    <datafield tag="758" ind1=" " ind2=" ">
      <subfield code="a">Het conflict Snouck Hurgronje--Van Heutsz--Van Daalen, een onderzoek naar de verantwoordelijkheid (Text)</subfield>
      <subfield code="1">https://id.oclc.org/worldcat/entity/E39PCGGCpPpvpFjkhY4xMp3TXm</subfield>
      <subfield code="4">https://id.oclc.org/worldcat/ontology/hasWork</subfield>
    </datafield>
    <datafield tag="936" ind1=" " ind2=" ">
      <subfield code="a">BATCHLOAD</subfield>
    </datafield>
  </record>